000 01415nam0a2200373 4500
001 RU\NLR\bibl\927576
005 20260405171645.0
010 _a5-94355-363-0
_91500
021 _aRU
_b2006-4358
_9202
035 _a(nilc)RSL-KNO-002835315
035 _aEL/0000038053
035 _a(NLR Aleph) 000915820
090 _a68545
_c68545
100 _a20051122d2006 |||y0rusy50 ca
101 0 _arus
102 _aRU
105 _aa |||||||||
106 _ar
200 1 _aЯ есмь Путь
_fС. Калашникова
210 _aМосква
_cАмрита-Русь
_d2006
215 _a237 с.
_d20
606 1 _aВера религиозная
_91268905
_3RU\NLR\auth\66204292
610 0 _aМистика. Эзотерическая литература. Современные духовные течения с элементами христианства.
610 0 _aРелигия -- Вневероисповедные формы религии -- Эзотерика
686 _aЭ391.9,0
_2rubbk
686 _aЭ243.32
700 1 _4070
_8rus
_7ca
_aКалашникова
_bС. А.
_cрелигиовед
_gСветлана Анатольевна
_3RU\NLR\auth\7773278
_956206
801 0 _aRU
_bNLR
_c20051122
_grcr
801 1 _aRU
_bNLR
_c20051122
801 1 _aRU
_bРГБ
_c20051122
801 2 _aRU
_bNLR
_c20060406
_grcr
942 _cBOOK
980 _aNB